000 00439nam a22001577a 4500
999 _c524697
_d524697
003 NUST
038 _aMr. Zahoor
082 _a621.3
100 _aSaqib Ullah
_915490
245 _aControllers design for Rotary Double Inverted Pendulum /
_cSaqib Ullah
260 _aIslamabad :
_bCEME - NUST,
_c2014.
300 _axi, 47 p. : ill. ;
_c30 cm.
500 _aHardcover.
600 _2Electrical Engineering - MS Thesis
942 _2ddc
_cTHE